| 000 | 00000nas 2200000za 4500 |
| 001 | 9.806568 |
| 003 | CaOODSP |
| 005 | 20250424080024 |
| 007 | cr ||||||||||| |
| 008 | 150406d19751999onctr pso||||f0 b0fre|d |
| 022 | |a1701-5421 |
| 040 | |aCaOODSP|bfre |
| 043 | |an-cn--- |
| 086 | 1 |aFA1-1F-PDF |
| 110 | 1 |aCanada. |bBureau du vérificateur général. |
| 210 | 0 |aRapp. vérif. gén. Can. |b(En ligne) |
| 222 | 0|aRapport du vérificateur général du Canada |b(En ligne) |
| 240 | 10|aRapport du vérificateur général du Canada (En ligne) |
| 245 | 10|aRapport du vérificateur général du Canada |h[ressource électronique]. |
| 246 | 13|aRapport de la Vérificatrice générale du Canada à la Chambre des communes |
| 260 | |aOttawa : |bBureau du vérificateur général du Canada |
| 310 | |aThree times a year. |
| 500 | |aPubl. aussi en anglais sous le titre : Report of the Auditor General of Canada. |
| 500 | |aDisponible en volumes intégrés annuels. |
| 500 | |aÇa ce peut qu’il manque du contenu dans les reproductions numériques en format PDF. |
| 520 | 3 |aPrésente les résultats des vérifications effectuées cette année par la vérificatrice générale afin de fournir information, assurance et avis objectifs au Parlement, au gouvernement et aux Canadiens. |
| 775 | 08|tReport of the Auditor General of Canada |w(CaOODSP)9.806567 |
| 785 | 00|tRapport de la vérificatrice générale du Canada à la Chambre des communes |w(CaOODSP)9.502618 |